000
00272nam a2200097 a 4500
005
20201002060512.0
008
180509s1993 000 spa d
245
0
_a
Estado de flujos de efectivo declaración FASB No.95 :.
260
_a
Santo Domingo,
_c
1993.
999
_c
46853
_d
46853
040
_a
DO-SdBNP